Using your PC : (Record no. 173307)

MARC details
000 -LEADER
fixed length control field 00765nam a2200229 4500
001 - CONTROL NUMBER
control field vtls001193760
003 - CONTROL NUMBER IDENTIFIER
control field MY-SjTCS
005 - DATE AND TIME OF LATEST TRANSACTION
control field 20200226120928.0
008 - FIXED-LENGTH DATA ELEMENTS--GENERAL INFORMATION
fixed length control field 110218 1996 00 eng
020 ## - INTERNATIONAL STANDARD BOOK NUMBER
International Standard Book Number 0789706377
039 #9 - LEVEL OF BIBLIOGRAPHIC CONTROL AND CODING DETAIL [OBSOLETE]
Level of rules in bibliographic description 201906031616
Level of effort used to assign nonsubject heading access points dianafitri
Level of effort used to assign subject headings 201102181505
Level of effort used to assign classification VLOAD
-- 200407271848
-- VLOAD
082 04 - DEWEY DECIMAL CLASSIFICATION NUMBER
Classification number 004.1
Item number OMA
100 1# - MAIN ENTRY--PERSONAL NAME
Personal name O'Mara, Michael.
9 (RLIN) 6518
245 10 - TITLE STATEMENT
Title Using your PC :
Remainder of title the fast and easy way to learn /
Statement of responsibility, etc. michael O'Mara and Gerry Routledge
250 ## - EDITION STATEMENT
Edition statement 2nd ed.
260 ## - PUBLICATION, DISTRIBUTION, ETC.
Place of publication, distribution, etc. IN :
Name of publisher, distributor, etc. Que Corporation,
Date of publication, distribution, etc. 1996
300 ## - PHYSICAL DESCRIPTION
Extent xxiv,
Dimensions 446p. ;
-- 23cm.
525 ## - SUPPLEMENT NOTE
Supplement note Accompanied by : 1 computer laser optical disc ( 4 3/4 in.)
650 #0 - SUBJECT ADDED ENTRY--TOPICAL TERM
Topical term or geographic name entry element Computer science.
700 1# - ADDED ENTRY--PERSONAL NAME
Personal name Routledge, Gerry.
Relator term (j.a)
9 (RLIN) 6519
920 ## - Programme
Programme BRI : 521964, CD5081
Holdings
Withdrawn status Lost status Source of classification or shelving scheme Damaged status Not for loan Collection code Home library Current library Date acquired Total Checkouts Barcode Date last seen Date last checked out Copy number Koha item type Public note
Withdrawn   Dewey Decimal Classification       TC External Storage TC External Storage 27/07/2004 1 1000102260 12/12/2019 20/04/2010 1 Main Collection SABDx,27000,02,GR
Withdrawn   Dewey Decimal Classification     Please fill up online form at https://taylorslibrary.taylors.edu.my/services/external_storage1 Taylor's Library-TU TU External Storage-LCS 27/07/2004   1000103521 12/12/2019 20/04/2010 1 Accompanying Material (Media Resource) SABDx,27000,02,GR